[Event "St Petersburg rapid"]
[Site "St Petersburg"]
[Date "2016.08.27"]
[Round "2"]
[White "Leontiev, Aleksandr V"]
[Black "Alekseev, Evgeny V"]
[Result "0-1"]
[WhiteElo "2285"]
[BlackElo "2636"]
[PlyCount "78"]
[EventDate "2016.08.27"]
[EventType "swiss (rapid)"]
[EventRounds "11"]
[EventCountry "RUS"]
[SourceTitle "CBM 174 Extra"]
[Source "ChessBase"]
[SourceDate "2016.10.10"]
[SourceVersion "1"]
[SourceVersionDate "2016.10.10"]
[SourceQuality "1"]

1. c4 e6 2. Nf3 d5 3. g3 d4 4. Bg2 c5 5. b4 cxb4 6. 0-0 Nc6 7. e3 Nf6 8. Bb2 e5 9. exd4 exd4 10. d3 a5 11. Nbd2 a4 12. Re1+ Be7 13. Ne5 Ra6 14. Ndf3 0-0 15. Nxc6 bxc6 16. Bxd4 c5 17. Bb2 Bb7 18. a3 b3 19. Qd2 Nd7 20. Ne5 Bxg2 21. Kxg2 Nxe5 22. Rxe5 Rd6 23. Qe2 Bf6 24. Rxc5 Bxb2 25. Qxb2 Rxd3 26. Re1 Rd2 27. Qe5 h6 28. Rd5 Qa8 29. Kg1 Rd8 30. Rxd8+ Qxd8 31. Qb5 Qf6 32. Qe8+ Kh7 33. Qe3 Rc2 34. c5 g6 35. Rc1 Qb2 36. Rd1 Kg7 37. Rd7 Qc1+ 38. Qxc1 Rxc1+ 39. Kg2 b2 0-1

[Event "Chigorin Memorial 23rd"]
[Site "St Petersburg"]
[Date "2015.10.06"]
[Round "4"]
[White "Gorovenko, Darya"]
[Black "Leontiev, Aleksandr V"]
[Result "0-1"]
[WhiteElo "2024"]
[BlackElo "2281"]
[PlyCount "62"]
[EventDate "2015.10.03"]
[EventType "swiss"]
[EventRounds "9"]
[EventCountry "RUS"]
[SourceTitle "CBM 168 Extra"]
[Source "ChessBase"]
[SourceDate "2015.10.29"]
[SourceVersion "1"]
[SourceVersionDate "2015.10.29"]
[SourceQuality "1"]

1. d4 Nf6 2. Nf3 b5 3. a4 b4 4. c4 Bb7 5. g3 c5 6. d5 e6 7. Bg2 exd5 8. Nh4 g6 9. 0-0 Bg7 10. cxd5 0-0 11. e4 Re8 12. Nd2 d6 13. Re1 Qe7 14. Re3 Bh6 15. Rb3 Bxd5 16. Rd3 Bb7 17. Nc4 Bxc1 18. Nxd6 Bxb2 19. e5 Bxg2 20. exf6 Bxf6 21. Nxe8 Bxa1 22. Rd8 Bd4 23. Nf6+ Kg7 24. Nh5+ Kh6 25. Rxd4 cxd4 26. Qxd4 Bh3 27. Nf5+ gxf5 28. Qg7+ Kxh5 29. Qxh7+ Kg4 30. Qg7+ Kf3 31. Qa1 Qe2 0-1

[Event "Chigorin Memorial blitz 23rd"]
[Site "St Petersburg"]
[Date "2015.10.02"]
[Round "1"]
[White "Timofeev, Artyom"]
[Black "Leontiev, Aleksandr V"]
[Result "1-0"]
[WhiteElo "2539"]
[BlackElo "2281"]
[PlyCount "51"]
[EventDate "2015.10.02"]
[EventType "swiss (blitz)"]
[EventRounds "13"]
[EventCountry "RUS"]
[SourceTitle "CBM 168 Extra"]
[Source "ChessBase"]
[SourceDate "2015.10.29"]
[SourceVersion "1"]
[SourceVersionDate "2015.10.29"]
[SourceQuality "1"]

1. c4 e5 2. Nc3 Nf6 3. Nf3 Nc6 4. d3 Bb4 5. Bd2 d5 6. cxd5 Nxd5 7. g3 0-0 8. Bg2 Re8 9. 0-0 Bf8 10. a3 a5 11. Rc1 Nb6 12. Be3 Ra6 13. Nb5 a4 14. Ng5 Nd4 15. Bxd4 exd4 16. Nxc7 Qxg5 17. Nxe8 Be6 18. Nc7 Bb3 19. Qe1 Ra7 20. e4 dxe3 21. Qxe3 Qa5 22. Qd4 Na8 23. Nd5 b6 24. Rc8 Rd7 25. Nf6+ gxf6 26. Qxd7 1-0

[Event "St Petersburg Summer rapid"]
[Site "St Petersburg"]
[Date "2015.08.29"]
[Round "2"]
[White "Leontiev, Aleksandr V"]
[Black "Grachev, Boris V"]
[Result "1/2-1/2"]
[WhiteElo "2281"]
[BlackElo "2649"]
[PlyCount "129"]
[EventDate "2015.08.29"]
[EventType "swiss (rapid)"]
[EventRounds "11"]
[EventCountry "RUS"]
[SourceTitle "EXT 2016"]
[Source "ChessBase"]
[SourceDate "2015.10.08"]
[SourceVersion "1"]
[SourceVersionDate "2015.10.08"]
[SourceQuality "1"]

1. c4 e6 2. Nf3 d5 3. g3 dxc4 4. Qa4+ Bd7 5. Qxc4 c5 6. Bg2 Bc6 7. 0-0 Nf6 8. Nc3 Nbd7 9. d4 Rc8 10. Rd1 cxd4 11. Qxd4 Bc5 12. Qh4 Qb6 13. g4 Nf8 14. Ne5 Bxg2 15. Kxg2 Bd4 16. Na4 Qb5 17. Rxd4 Qxe5 18. Be3 Nd5 19. Rad1 Ng6 20. Qg3 Nxe3+ 21. Qxe3 Qxe3 22. fxe3 Ne5 23. Rb4 b6 24. Nc3 0-0 25. Nb5 Nc4 26. Kf2 a5 27. Rb3 Rfd8 28. Rd4 h6 29. Na7 Rxd4 30. exd4 Rd8 31. e3 h5 32. h3 hxg4 33. hxg4 Kh7 34. Rb5 Rd7 35. Nc8 Kg6 36. b3 Nd6 37. Nxd6 Rxd6 38. Kf3 f6 39. a4 Kf7 40. b4 axb4 41. Rxb4 g5 42. Rb5 Kg6 43. a5 bxa5 44. Rxa5 Rb6 45. d5 exd5 46. Rxd5 Kf7 47. Ra5 Ke6 48. Rc5 Rb1 49. Rc6+ Ke5 50. Rc5+ Kd6 51. Ra5 Rg1 52. Ra6+ Ke5 53. Ra5+ Ke6 54. Ra6+ Kf7 55. Ra7+ Kg6 56. Ra6 Rh1 57. Kg2 Rh7 58. Rb6 Re7 59. Kf3 Re8 60. Rb7 Rh8 61. Kg3 Re8 62. Kf3 Re6 63. Ra7 Rb6 64. Rc7 Rb1 65. Ra7 1/2-1/2

[Event "Chigorin Memorial 22nd"]
[Site "St Petersburg"]
[Date "2014.10.25"]
[Round "8"]
[White "Leontiev, Aleksandr V"]
[Black "Mamyrbay, Assad"]
[Result "1-0"]
[WhiteElo "2281"]
[BlackElo "2063"]
[PlyCount "61"]
[EventDate "2014.10.18"]
[EventType "swiss"]
[EventRounds "9"]
[EventCountry "RUS"]
[SourceTitle "EXT 2015"]
[Source "ChessBase"]
[SourceDate "2014.11.20"]
[SourceVersion "1"]
[SourceVersionDate "2014.11.20"]
[SourceQuality "1"]

1. c4 c5 2. Nf3 Nc6 3. Nc3 g6 4. e3 Nf6 5. d4 cxd4 6. exd4 d5 7. Bg5 dxc4 8. Bxf6 exf6 9. Bxc4 Bg7 10. 0-0 0-0 11. h3 f5 12. d5 Ne5 13. Bb3 g5 14. Re1 Ng6 15. Nh2 Nf4 16. Qf3 Qd6 17. Qg3 Qg6 18. Rad1 Bd7 19. Nf3 h6 20. h4 Nh5 21. Qc7 Rfd8 22. hxg5 hxg5 23. d6 Nf4 24. Bxf7+ Qxf7 25. Nxg5 Qg6 26. Qc4+ Kf8 27. Re7 Be8 28. d7 Kxe7 29. Qc5+ Kf6 30. Nce4+ fxe4 31. Rd6+ 1-0

[Event "Chigorin Memorial 22nd"]
[Site "St Petersburg"]
[Date "2014.10.24"]
[Round "7"]
[White "Tunik, Gennady"]
[Black "Leontiev, Aleksandr V"]
[Result "1-0"]
[WhiteElo "2417"]
[BlackElo "2281"]
[PlyCount "49"]
[EventDate "2014.10.18"]
[EventType "swiss"]
[EventRounds "9"]
[EventCountry "RUS"]
[SourceTitle "EXT 2015"]
[Source "ChessBase"]
[SourceDate "2014.11.20"]
[SourceVersion "1"]
[SourceVersionDate "2014.11.20"]
[SourceQuality "1"]

1. d4 Nf6 2. c4 g6 3. Nc3 d5 4. cxd5 Nxd5 5. e4 Nxc3 6. bxc3 Bg7 7. Be3 c5 8. Nf3 Qa5 9. Qd2 0-0 10. Rc1 Nc6 11. d5 Rd8 12. Be2 b6 13. 0-0 e6 14. Rfd1 exd5 15. exd5 Bg4 16. Bg5 Rd7 17. Qe3 Bxf3 18. gxf3 Ne5 19. f4 Re8 20. Qh3 Qxa2 21. Bb5 Rxd5 22. Bxe8 h6 23. Rxd5 Qxd5 24. fxe5 hxg5 25. e6 1-0

[Event "St Petersburg Summer rapid"]
[Site "St Petersburg"]
[Date "2014.08.30"]
[Round "2"]
[White "Rublevsky, Sergei"]
[Black "Leontiev, Aleksandr V"]
[Result "1-0"]
[WhiteElo "2698"]
[BlackElo "2281"]
[PlyCount "49"]
[EventDate "2014.08.30"]
[EventType "swiss (rapid)"]
[EventRounds "11"]
[EventCountry "RUS"]
[SourceTitle "CBM 162 Extra"]
[Source "ChessBase"]
[SourceDate "2014.10.17"]
[SourceVersion "1"]
[SourceVersionDate "2014.10.17"]
[SourceQuality "1"]

1. e4 e5 2. Nf3 Nc6 3. d4 exd4 4. Nxd4 Bc5 5. Nxc6 Qf6 6. Qf3 bxc6 7. Nd2 d6 8. Nb3 Bb6 9. a4 a5 10. Bd2 Qg6 11. Bd3 Ne7 12. 0-0 0-0 13. Be3 f5 14. Bxb6 cxb6 15. Rfe1 f4 16. e5 Qg5 17. exd6 Nd5 18. Nd4 Bg4 19. Qe4 Nf6 20. Qe5 Qh6 21. f3 Rae8 22. Nf5 Bxf5 23. Qxf5 Ne4 24. Bc4+ Kh8 25. Rxe4 1-0

[Event "Chigorin Memorial 21st"]
[Site "St Petersburg"]
[Date "2013.10.09"]
[Round "5"]
[White "Leontiev, Aleksandr V"]
[Black "Gogin, Maksim"]
[Result "1/2-1/2"]
[WhiteElo "2310"]
[BlackElo "2075"]
[PlyCount "118"]
[EventDate "2013.10.05"]
[EventType "swiss"]
[EventRounds "9"]
[EventCountry "RUS"]
[SourceTitle "CBM 156 Extra"]
[Source "ChessBase"]
[SourceDate "2013.10.22"]
[SourceVersion "1"]
[SourceVersionDate "2013.10.22"]
[SourceQuality "1"]

1. c4 Nf6 2. Nc3 g6 3. e4 d6 4. d4 Bg7 5. Be2 0-0 6. Bg5 c5 7. d5 Na6 8. Qd2 Qa5 9. Nf3 Rb8 10. 0-0 Re8 11. Rfe1 Nc7 12. a3 Nd7 13. Bf4 a6 14. Reb1 b5 15. b4 Qb6 16. Be3 Qa7 17. a4 bxc4 18. Bxc4 Nb6 19. Bf1 cxb4 20. Rxb4 a5 21. Rxb6 Rxb6 22. Rb1 Na8 23. Bxb6 Nxb6 24. Nb5 Qb7 25. Qxa5 f5 26. Na3 fxe4 27. Rxb6 Qc7 28. Nb5 Qc1 29. Qd2 Qa1 30. Ng5 Qxa4 31. Nc7 e3 32. fxe3 Rf8 33. Nce6 Qa7 34. Rc6 Bxe6 35. Nxe6 Bh6 36. Rc3 Rf5 37. g4 Rf7 38. g5 Bf8 39. Rc8 Rxf1+ 40. Kxf1 Qa6+ 41. Kg2 Qxc8 42. Qd4 Qc2+ 43. Kg3 Qf5 44. h4 Qf7 45. Qc4 Qe8 46. Qc3 h5 47. Kf3 Qf7+ 48. Ke2 Bg7 49. Qc8+ Kh7 50. Qd7 Kg8 51. e4 Kh8 52. Nd8 Qf4 53. Qxe7 Qg4+ 54. Kd2 Qg2+ 55. Kd3 Qf1+ 56. Ke3 Qe1+ 57. Kd3 Qd1+ 58. Kc4 Qa4+ 59. Kd3 Qd1+ 1/2-1/2

[Event "Chigorin Memorial 20th"]
[Site "St Petersburg"]
[Date "2012.11.01"]
[Round "6"]
[White "Leontiev, Aleksandr V"]
[Black "Suvorov, Aleksandr2222"]
[Result "1-0"]
[WhiteElo "2321"]
[BlackElo "2065"]
[PlyCount "65"]
[EventDate "2012.10.27"]
[EventType "swiss"]
[EventRounds "9"]
[EventCountry "RUS"]
[SourceTitle "EXT 2013"]
[Source "ChessBase"]
[SourceDate "2012.11.22"]
[SourceVersion "1"]
[SourceVersionDate "2012.11.22"]
[SourceQuality "1"]

1. e4 Nf6 2. e5 Nd5 3. d4 d6 4. c4 Nb6 5. f4 Bf5 6. Bd3 Bxd3 7. Qxd3 dxe5 8. fxe5 e6 9. Nf3 Bb4+ 10. Bd2 Be7 11. Nc3 Nc6 12. 0-0-0 Qd7 13. Ne4 0-0-0 14. Bg5 Nb4 15. Qb3 h6 16. Bxe7 Qxe7 17. a3 Na6 18. Rd2 f5 19. exf6 gxf6 20. Re1 c6 21. Rde2 Nd7 22. Qe3 c5 23. Qf4 e5 24. dxe5 fxe5 25. Qf7 Rhe8 26. Rd2 Nf8 27. Nd6+ Rxd6 28. Qxe7 Rxe7 29. Rxd6 Nd7 30. Rxh6 Nc7 31. Ng5 b5 32. Ne4 Ne6 33. Nd6+ 1-0

[Event "Chigorin Memorial 19th"]
[Site "St Petersburg"]
[Date "2011.10.17"]
[Round "4"]
[White "Pershin, Denis"]
[Black "Leontiev, Aleksandr V"]
[Result "1-0"]
[WhiteElo "1984"]
[BlackElo "2329"]
[PlyCount "55"]
[EventDate "2011.10.14"]
[EventType "swiss"]
[EventRounds "9"]
[EventCountry "RUS"]
[SourceTitle "CBM 144 Extra"]
[Source "ChessBase"]
[SourceDate "2011.10.28"]
[SourceVersion "1"]
[SourceVersionDate "2011.10.28"]
[SourceQuality "1"]

1. e4 e5 2. Nf3 Nc6 3. Bc4 Nf6 4. Ng5 d5 5. exd5 Na5 6. Bb5+ c6 7. dxc6 bxc6 8. Bd3 Nd5 9. Ne4 f5 10. Nec3 Bc5 11. Nxd5 cxd5 12. Bb5+ Kf7 13. 0-0 Rb8 14. Be2 Re8 15. c3 Nc6 16. b4 Bb6 17. a4 a5 18. b5 Ne7 19. d4 e4 20. c4 dxc4 21. Bxc4+ Nd5 22. Qh5+ Ke6 23. Bxd5+ Kxd5 24. Nc3+ Ke6 25. Bf4 g6 26. Qxh7 Rg8 27. Bxb8 Bxd4 28. Rad1 1-0

[Event "Voronezh op-A 15th"]
[Site "Voronezh"]
[Date "2011.06.20"]
[Round "8"]
[White "Chernobay, Artem"]
[Black "Leontiev, Aleksandr V"]
[Result "1-0"]
[WhiteElo "2495"]
[BlackElo "2315"]
[PlyCount "93"]
[EventDate "2011.06.12"]
[EventType "swiss"]
[EventRounds "9"]
[EventCountry "RUS"]
[SourceTitle "CBM 143 Extra"]
[Source "ChessBase"]
[SourceDate "2011.08.29"]
[SourceVersion "1"]
[SourceVersionDate "2011.08.29"]
[SourceQuality "1"]

1. e4 Nf6 2. e5 Nd5 3. d4 d6 4. c4 Nb6 5. f4 Bf5 6. Nc3 e6 7. Nf3 Be7 8. exd6 cxd6 9. Bd3 Bg4 10. 0-0 0-0 11. h3 Bh5 12. b3 Nc6 13. Be3 Bf6 14. g4 Bg6 15. Rc1 d5 16. c5 Nd7 17. Bxg6 hxg6 18. a3 b6 19. b4 bxc5 20. dxc5 Qc7 21. Ne2 a6 22. g5 Bb2 23. Rb1 Bxa3 24. Qa4 Bxb4 25. Rxb4 Nxb4 26. Qxb4 a5 27. Qc3 Rfc8 28. Rc1 Ra6 29. Ned4 Nb8 30. Ne5 a4 31. c6 a3 32. Nb5 Qa5 33. Qxa5 Rxa5 34. Nd6 a2 35. Nxc8 Nxc6 36. Nxc6 a1Q 37. Rxa1 Rxa1+ 38. Kf2 f6 39. h4 Ra2+ 40. Kf3 Ra3 41. Nd6 Kf8 42. Nb5 Ra6 43. Bc5+ Kg8 44. Nc7 Kf7 45. h5 fxg5 46. hxg6+ Kf6 47. Ne7 1-0

[Event "Voronezh op-A 15th"]
[Site "Voronezh"]
[Date "2011.06.13"]
[Round "2"]
[White "Leontiev, Aleksandr V"]
[Black "Tomnikova, Lidia"]
[Result "1-0"]
[WhiteElo "2315"]
[BlackElo "2127"]
[PlyCount "85"]
[EventDate "2011.06.12"]
[EventType "swiss"]
[EventRounds "9"]
[EventCountry "RUS"]
[SourceTitle "CBM 143 Extra"]
[Source "ChessBase"]
[SourceDate "2011.08.29"]
[SourceVersion "1"]
[SourceVersionDate "2011.08.29"]
[SourceQuality "1"]

1. c4 c5 2. Nf3 Nc6 3. Nc3 e5 4. e3 Nf6 5. d4 cxd4 6. exd4 e4 7. Ne5 Bd6 8. Bf4 Qe7 9. c5 Bb8 10. Nb5 0-0 11. Nd6 Nd5 12. Bg3 e3 13. Bc4 exf2+ 14. Kxf2 Bxd6 15. cxd6 Qxd6 16. Nf3 Qe6 17. Re1 Qf5 18. Bd6 Rd8 19. g4 Qg6 20. Bxd5 Qxd6 21. Bxf7+ Kh8 22. d5 Ne7 23. Qe2 Ng6 24. Bxg6 Qxg6 25. Qe7 Rg8 26. Ne5 Qf6+ 27. Qxf6 gxf6 28. Nf7+ Kg7 29. Nd6 b6 30. Re7+ Kg6 31. Rc1 h6 32. b4 Kg5 33. a4 Rb8 34. Ke3 Bb7 35. Kd4 Kh4 36. h3 Kxh3 37. Re3+ Kh4 38. Rh1+ Kxg4 39. Reh3 Kf4 40. Rxh6 Rg4 41. Ne4 Kf3 42. R6h3+ Kg2 43. R3h2+ 1-0

[Event "Minsk op"]
[Site "Minsk"]
[Date "2010.08.09"]
[Round "6"]
[White "Lomako, Pavel"]
[Black "Leontiev, Aleksandr V"]
[Result "1/2-1/2"]
[WhiteElo "2431"]
[BlackElo "2304"]
[PlyCount "23"]
[EventDate "2010.08.04"]
[EventType "swiss"]
[EventRounds "9"]
[EventCountry "BLR"]
[SourceTitle "CBM 137 Extra"]
[Source "ChessBase"]
[SourceDate "2010.09.01"]
[SourceVersion "1"]
[SourceVersionDate "2010.09.01"]
[SourceQuality "1"]

1. d4 Nf6 2. Nf3 g6 3. g3 Bg7 4. Bg2 0-0 5. 0-0 d5 6. c3 Ne4 7. Ng5 Nxg5 8. Bxg5 c6 9. Nd2 f6 10. Be3 Be6 11. f4 Qd7 12. Bf2 1/2-1/2

[Event "Minsk op"]
[Site "Minsk"]
[Date "2010.08.08"]
[Round "5"]
[White "Leontiev, Aleksandr V"]
[Black "Gazizov, Iljas"]
[Result "1/2-1/2"]
[WhiteElo "2304"]
[BlackElo "2220"]
[PlyCount "57"]
[EventDate "2010.08.04"]
[EventType "swiss"]
[EventRounds "9"]
[EventCountry "BLR"]
[SourceTitle "CBM 137 Extra"]
[Source "ChessBase"]
[SourceDate "2010.09.01"]
[SourceVersion "1"]
[SourceVersionDate "2010.09.01"]
[SourceQuality "1"]

1. c4 c6 2. e4 d5 3. exd5 cxd5 4. d4 Nf6 5. Nc3 e6 6. c5 Be7 7. Nf3 0-0 8. Qc2 b6 9. b4 a5 10. Na4 axb4 11. Nxb6 Ra5 12. Ne5 Qc7 13. Qb2 Ba6 14. Bf4 Qa7 15. Bxa6 Qxa6 16. Bd2 Bd8 17. Bxb4 Bxb6 18. cxb6 Rb5 19. Qa3 Rc8 20. 0-0 Qxb6 21. Rfc1 Re8 22. Bc5 Qb7 23. Qd3 Nbd7 24. Bd6 Nxe5 25. dxe5 Ne4 26. a4 Rb2 27. Rc2 Rb1+ 28. Rc1 Rb2 29. Rc2 1/2-1/2

[Event "Moscow op-A"]
[Site "Moscow"]
[Date "2009.02.02"]
[Round "3"]
[White "Zubarev, Alexander2222"]
[Black "Leontiev, Aleksandr V"]
[Result "1-0"]
[WhiteElo "2566"]
[BlackElo "1960"]
[PlyCount "97"]
[EventDate "2009.01.31"]
[EventType "swiss"]
[EventRounds "9"]
[EventCountry "RUS"]
[SourceTitle "EXT 2022"]
[Source "ChessBase"]
[SourceDate "2021.10.06"]
[SourceVersion "1"]
[SourceVersionDate "2021.10.06"]
[SourceQuality "1"]

1. d4 Nf6 2. c4 g6 3. Nc3 d5 4. Bg5 Ne4 5. Bh4 Nxc3 6. bxc3 dxc4 7. Qa4+ Nd7 8. e3 Bg7 9. Bxc4 0-0 10. Qa3 c5 11. Nf3 Qc7 12. Rc1 e6 13. 0-0 b6 14. Bg3 Qc6 15. Rfd1 Bb7 16. d5 exd5 17. Bxd5 Qc8 18. Bxb7 Qxb7 19. Rd6 Nf6 20. Rcd1 Qe7 21. c4 Rfd8 22. Qd3 Rxd6 23. Qxd6 Qxd6 24. Rxd6 Kf8 25. Be5 Ke7 26. Rd3 Ne8 27. Bxg7 Nxg7 28. Ne5 Ke6 29. f4 f6 30. Nf3 Nf5 31. Nd2 h5 32. Ne4 Rc8 33. Kf2 Rc6 34. h3 Nd6 35. Nxd6 Rxd6 36. Rxd6+ Kxd6 37. g4 hxg4 38. hxg4 a6 39. a4 Kc6 40. e4 Kd6 41. Kf3 Ke6 42. f5+ gxf5 43. exf5+ Ke5 44. Ke3 Kd6 45. Kf4 Ke7 46. g5 fxg5+ 47. Kxg5 Kf7 48. Kf4 Kf6 49. Ke4 1-0